000 02527caa0 2200457 iw4500
001 BY-BR0002-br390891
005 20230927140348.0
035 ^a(BY-BR0002)BY-BR0002-br390891
100 ^a20220613d2022 u y0bely50 ca
101 0 ^abel
102 ^aBY
200 1 ^aКалі душа спявае...
^fАлена Зялевіч
^gфота аўтара
330 ^aПра ўдзельніцу аматарскага аб'яднання "Смаляначка" Людмілу Міхайлаўну Яроцкую, прозвішча якой было занесена на раённую Дошку гонару.
463 1 ^12001
^aРаённыя будні
^v28 мая (№ 41). - С. 1, 5 : фат.
^1210
^aПружаны
^d2022
600 1 ^aЯроцкая
^bЛ. М.
^gЛюдміла Міхайлаўна
600 1 ^aЕроцкая
^bЛ. М.
^gЛюдмила Ивановна
601 0 2 ^a"Смаляначка"
^cаматарскае аб'яднанне
606 ^aСАМАДЗЕЙНЫЯ АНСАМБЛІ
^3BY-NLB-ar2106974
^2DVNLB
606 ^aСАМОДЕЯТЕЛЬНЫЕ АНСАМБЛИ
^3BY-NLB-ar2106965
^2DVNLB
606 ^aСАМОДЕЯТЕЛЬНОЕ ТВОРЧЕСТВО
^3BY-NLB-ar28926
^2DVNLB
606 ^aСАМАДЗЕЙНАЯ ТВОРЧАСЦЬ
^3BY-NLB-ar28927
^2DVNLB
606 ^aСАМОДЕЯТЕЛЬНОЕ ИСКУССТВО
^3BY-NLB-ar28928
^2DVNLB
606 ^aСАМАДЗЕЙНАЕ МАСТАЦТВА
^3BY-NLB-ar28929
^2DVNLB
606 ^aДОСКИ ПОЧЕТА
^3BY-NLB-ar63013
^2DVNLB
606 ^aДОШКІ ГОНАРУ
^3BY-NLB-ar63014
^2DVNLB
607 ^aСмоляница, деревня (Пружанский район)
607 ^aСмаляніца, вёска (Пружанскі раён)
607 ^aПружанский район (Брестская область)
^2BY-auth
^3BY-NLB-ar2169414
607 ^aПружанскі раён (Брэсцкая вобласць)
^2BY-auth
^3BY-NLB-ar2169415
607 ^aБрэсцкая вобласць
^2BY-auth
^3BY-NLB-ar4498
607 ^aБрестская область
^2BY-auth
^3BY-NLB-ar4497
615 ^aБелорусский национальный документ
^3BY-SEK-ar1826174
686 ^a77
^2rubbk
686 ^aМ 6
^2rubbk
690 ^aM 6
^2LR12
^9BY-BR0002
^3LKEY71
690 ^a3
^2Base
^9BY-BR0002
^xRSEK
700 1 ^aЗялевіч
^bА.
^gАлена
^4600
801 0 ^aBY
^bBY-BR0002
^c20220613
^gRCR